Genoma. (Registro nro. 2850)

Detalles MARC
000 -LEADER
fixed length control field 01372nam a2200205 a 4500
008 - CAMPO DE CONTROL (LIBRO)
fixed length control field 190917e2001 sp |||g |||| 001 0 spa d
020 ## - INTERNATIONAL STANDARD BOOK NUMBER
ISBN 8466305017
041 ## - CODIGO DE IDIOMA
Código de idioma del texto/pista de sonido o título separado spa
092 ## - SIGNATURA TOPOGRAFICA DEWEY LOCAL
número de clasificación 808
libristica 74
sección RID
100 1# - ENTRADA PRINCIPAL--NOMBRE PERSONAL
Nombre personal Ridley, Matt
9 (RLIN) 4015
245 ## - TITULO PROPIAMENTE DICHO
Título Genoma.
Subtítulo y Título paralelo La autobiografía de una especie en 23 capítulos /
Mención de responsabilidad y remanente de la transcripción de la portada Matt Ridley
250 ## - MENCION DE EDICION
Mención de edición 1a ed.
Mención de responsabilidad relacionada con la ed. Traducción Irene Cifuentes
260 ## - PIE DE IMPRENTA
Lugar de publicación, distribución, etc Buenos Aires:
Nombre de la editorial, distribuidor, etc Punto de Lectura;
Fecha de publicación 2001.
300 ## - DESCRIPCION FISICA
Extension 598 p.
500 ## - NOTA GENERAL
Nota general Ridley, M. (2001). Genoma. La autobiografía de una especie en 23 capítulos. (1a ed.). Madrid : Suma de Letras.
505 ## - NOTA DE CONTENIDO
Nota de contenido formateada El genoma humano, todo el conjunto de genes alojados en 23 pares de cromosomas, constituye nada menos que una autobiografía de nuestra especie. Escrito con mil millones de palabras de tres letras que utilizan el alfabeto de cuatro letras del ADN, el genoma ha sido corregido, abreviado, modificado y aumentado a medida que se ha transmitido de generación en generación a lo largo de más de tres millones de años. Al elegir uno de los genes recién descubiertos de cada uno de los 23 cromosomas humanos, y relatar su historia, Matt Ridley narra la historia de nuestra especie y sus antepasados desde los albores de la vida hasta la antesala de la futura medicina.
590 ## - NOTAS LOCALES (RLIN)
Nota local Donación Prof. Susana Sánchez, febrero 2019
655 ## - MATERIA - GENERO/FORMA
Género/Forma Literatura
-- 2917
942 ## - ADDED ENTRY ELEMENTS (KOHA)
Source of classification or shelving scheme Dewey Decimal Classification
Item type LITERATURA
Existencias
Estado de retiro Existencia Fuente de clasificación Estado general No para prestamo Ubicación permanente ubicación actual Sala de ubicación Fecha de adquisición Fuente de adquisición Total Checkouts Número de clasificación Código de barras Date last seen Número de ejemplar Price effective from Koha tipo de elemento (item) Public note
    Dewey Decimal Classification     Biblioteca Medicina Biblioteca Medicina Circulación 11/02/2019 Donación Prof. Susana Sánchez, Febrero 2019   808 74 RID 4377 11/02/2019 Ej. 1 11/02/2019 LITERATURA Proyecto 4to libro. Donación Prof. Susana Sánchez, Febrero 2019

UNIVERSIDAD NACIONAL DEL COMAHUE
Biblioteca de la Facultad de Ciencias Médicas
Sede Toschi: Los Arrayanes y Av. Toschi, Cipolletti  - Rio Negro
Sede Los Tordos:  Yrigoyen al 2211, Cipolletti - Rio Negro 

Teléfono: 0299 - 4774707 int 25
Contacto: biblioteca@facimed.uncoma.edu.ar
© 2011 - 2026